Statistics for 5 Most Populated Cities in the United States by Letter It Contains

Click here to take the quiz!

General Stats

  • This quiz has been taken 560 times
  • The average score is 87 of 123

Answer Stats

HintAnswer% Correct
C1 | E1 | I1 | +7 othersNew York City
98%
A1 | E2 | G1 | +4 othersLos Angeles
97%
A2 | C2 | G2 | +3 othersChicago
93%
H2 | N3 | O4 | +3 othersHouston
92%
D3 | L3 | S5Dallas
91%
A3 | D1 | E3 | +4 othersPhiladelphia
91%
B2Boston
90%
C4 | F1 | R2San Francisco
88%
A5 | D2 | E5 | +2 othersSan Diego
85%
E4 | H4 | I4 | +4 othersPhoenix
82%
D5 | R5Detroit
78%
J4Jackson
77%
G4 | W3Washington
76%
V2Denver
75%
A4 | I5 | N5 | +2 othersSan Antonio
75%
C3 | J2 | K2 | +2 othersJacksonville
74%
T4 | U2Austin
70%
J1San Jose
67%
B3 | M3Baltimore
66%
G5 | V4Las Vegas
64%
V3Nashville
63%
B1 | C5 | M1 | U3Columbus
62%
K5 | Y3Kansas City
61%
W5New Orleans
61%
R4Charlotte
60%
B4 | Q1 | U5Albuquerque
58%
D4 | L5 | P3Indianapolis
58%
M2 | P5Memphis
58%
K3 | M4 | Y2Oklahoma City
57%
P4El Paso
51%
F2 | H5 | R3 | +2 othersFort Worth
50%
K4 | M5 | U4 | W4Milwaukee
49%
F5Buffalo
44%
V5Louisville
42%
F3Fresno
41%
B5Long Beach
23%
J3 | Y4Jersey City
21%
F4Bakersfield
20%
X4Knoxville
18%
X2Lexington
17%
Y5Fort Wayne
15%
X5Sioux Falls
12%
J5Joliet
3%
X3Oxnard
3%
Z1Elizabeth
2%
Q2Mesquite
2%

Score Distribution

Percentile by Number Answered

Percent of People with Each Score

Your Score History

You have not taken this quiz